000 02468cam a22005294i 4500
003 PE-LiUPU
005 20250731172901.0
008 170110s2015 xxu rb 001 0 eng d
020 _a1506415814
020 _a9781506415819
035 _a(Sirsi) a165933
040 _aPE-LiUPU
_bspa
_cPE-LiUPU
_erda
049 _aPRUA
082 0 4 _a221.6
_bT4
_223
245 0 4 _aThe Historical writings /
_cGale A. Yee, Hugh R. Page Jr., Matthew J.M. Coomber, editors.
250 _aStudy edition.
264 1 _aBaltimore, Maryland :
_bProject Muse,
_c2016
_e(Baltimore, Md. :
_fProject MUSE,
_g2015)
300 _a493 páginas ;
_c24 centimetros.
336 _atext
_2rdacontent
337 _aunmediated
_2rdamedia
338 _avolume
_2rdacarrier
490 0 _aFortress commentary on the Bible
504 _aBibliografía : final de cada capítulo.
505 0 _aReading the Old Testament in ancient and contemporary contexts / Matthew J.M. Coomber -- The people of God and the peoples of Earth / Hugh R. Page Jr. -- Reading the Christian Old Testament in the contemporary world / Daniel L. Smith-Christopher -- Themes and perspectives in the historical writings / Norman K/ Gottwald -- Joshua / Pekka M.A. Pitk{uml}anen -- Judges / Victor H. Matthew -- Ruth / Gale A. Yee -- 1,2 Samuel / Hugh S. Pyper -- 1,2 Kings / Gale A. Yee -- 1,2 Chronicles / Alejandro F. Botta -- Ezra-Nehemiah / Katherine E. Southwood -- Esther / Judy Fentress-Williams.
526 _aSEG42
526 _aSEG41
526 _aSEG40
526 _aSEG39
526 _aP94
526 _aP87
526 _aP86
526 _aP85
526 _aP77
526 _aP76
526 _aP35
650 0 4 _aBiblia.
_xHagiographa
_vComentarios.
650 0 4 _aReligión
_Estudios
_xBiblia testamento.
_2bisacsh
700 1 _aCoomber, Matthew J. M.,
_eeditor.
700 1 _aPage, Hugh R.,
_eeditor.
700 1 _aYee, Gale A.,
_d1949-
_eeditor.
910 _ajck
_bjvq
_cjck
_d20170110.
942 _2ddc
_cBOOK
949 _a221.6 T4
_wDEWEY
_c1
_i75515
_lCATALOGING
_mBUL
_p13.30
_r0
_sY
_tBOOK
_u2017-01-10
_xTEOLOGIA
_zPOSGRADO TEOLOGÍA
_0COMPRA
_o.CIRCNOTE. El documento es de alto precio.
_o.STAFF. Colección Teología
596 _a1
999 _a221.6 T4
_wLC
_c14669
_i75515
_d14669
_f2021-11-9
_g5
_lCCODEBUL1
_mBUL
_p13.30
_q1
_r0
_sY
_tBOOK
_u2017-1-10
_xTEOLOGIA
_PP85
_0COMPRA
_o.STAFF. Colección Teología
980 _81
_gALBERTO SANCHEZ Responsable de Automatización